000 00859nam a22003018a 4500
999 _c2537
_d2537
001 015297048
003 Uk
005 20230712090618.0
008 090618s2009 enk j 000 0 eng|d
020 _a9781408231098
040 _aStDuBDS
_beng
_cStDuBDS
_dKH8
082 0 4 _a530 CLI
100 1 _aClifford, Jennifer.
_eauthor
245 1 0 _aLongman physics 11-14 /
_cJennifer Clifford & Gary Philpott.
246 3 0 _aPhysics 11-14
260 _aHarlow :
_bLongman,
_c2009.
300 _avi, 174 p. ;
_c27 cm.
336 _atext
_2rdacontent
337 _aunmediated
_2rdamedia
338 _avolume
_2rdacarrier
490 0 _aLongman science 11-14
500 _aIncludes index
650 0 _aPhysics
_vJuvenile literature.
700 1 _aPhilpott, Gary.
_eauthor
700 1 _aHudson, Miles
_eauthor
700 1 _aJohnson, Penny
_eauthor
942 _2ddc
_cTR